| 000 | 00749nam a2200229 i 4500 | ||
|---|---|---|---|
| 001 | 24967 | ||
| 003 | ES-MaACL | ||
| 005 | 20230906153154.0 | ||
| 007 | t| | ||
| 008 | 021219s1924 fr ||||1| fre d | ||
| 100 | 1 |
_aApuleyo, Lucio. _922131 |
|
| 245 | 1 | 0 |
_aApulée _b: ; Apologie ; Florides / _cLucio Apuleyo ; texte établi et traduit par Paul Vallette. |
| 260 |
_aParís : _bSocieté d'Edition "Les Belles Lettres", _c1924 ( _fMacon Protat Freres) |
||
| 300 |
_aXLI, 172 h. ; _c21 cm. |
||
| 490 | 1 | _aCollection des Universités de France | |
| 700 | 1 |
_aVallette, Paul. _9112909 |
|
| 740 | 0 | _aApologie. | |
| 740 | 0 | _aFlorides. | |
| 830 | 0 |
_aCollection des Universités de France _9180876 |
|
| 852 |
_aES-MaACL _jC-6813 |
||
| 999 |
_c24967 _d24967 |
||